| 000 -LEADER |
| fixed length control field |
00464nam a22001697a 4500 |
| 008 - FIXED-LENGTH DATA ELEMENTS--GENERAL INFORMATION |
| fixed length control field |
210203b ||||| |||| 00| 0 eng d |
| 020 ## - INTERNATIONAL STANDARD BOOK NUMBER |
| International Standard Book Number |
0582425433 |
| 082 00 - DEWEY DECIMAL CLASSIFICATION NUMBER |
| Classification number |
530.0246 |
| Item number |
H8931 |
| 100 ## - MAIN ENTRY--PERSONAL NAME |
| 9 (RLIN) |
50 |
| Personal name |
Hughes, Edward |
| 245 10 - TITLE STATEMENT |
| Title |
Engineering science in SI units |
| 260 ## - PUBLICATION, DISTRIBUTION, ETC. (IMPRINT) |
| Place of publication, distribution, etc |
London |
| Name of publisher, distributor, etc |
Longman |
| Date of publication, distribution, etc |
1970 |
| 300 ## - PHYSICAL DESCRIPTION |
| Extent |
xiv, 339p. |
| 365 ## - TRADE PRICE |
| Unit of pricing |
25.00 |
| 650 #0 - SUBJECT ADDED ENTRY--TOPICAL TERM |
| Topical term or geographic name as entry element |
Physics |
| 700 ## - ADDED ENTRY--PERSONAL NAME |
| 9 (RLIN) |
4612 |
| Personal name |
Hughes, Christopher |
| 942 ## - ADDED ENTRY ELEMENTS (KOHA) |
| Item type |
Books |